Online Catalogue and eLibrary

Research Methodology : (Record no. 5835)

MARC details
000 -LEADER
fixed length control field 00490nam a2200193Ia 4500
005 - DATE AND TIME OF LATEST TRANSACTION
control field 20240701010306.0
008 - FIXED-LENGTH DATA ELEMENTS--GENERAL INFORMATION
fixed length control field 240331s9999 xx 000 0 und d
020 ## - INTERNATIONAL STANDARD BOOK NUMBER
ISBN 0852264771
082 ## - DDC Classification
Item Number - Author Mark KOT
Class No. 001.42
100 ## - MAIN ENTRY--PERSONAL NAME
Personal name Kothari, C.R
245 #0 - TITLE STATEMENT
Title Research Methodology :
Remainder of title Methods & Techniques
250 ## - EDITION STATEMENT
Edition statement 2 nd
260 ## - PUBLICATION, DISTRIBUTION, ETC.
Place of publication, distribution, etc. New Delhi
Name of publisher, distributor, etc. Wiley Eastern Limited
Date of publication, distribution, etc. 1990
300 ## - PHYSICAL DESCRIPTION
Extent (e.g. Volumes, Pages etc.) xii, 468 p .,
650 ## - SUBJECT ADDED ENTRY--TOPICAL TERM
Topical term or geographic name entry element Social Science
650 ## - SUBJECT ADDED ENTRY--TOPICAL TERM
Topical term or geographic name entry element Economic
650 ## - SUBJECT ADDED ENTRY--TOPICAL TERM
Topical term or geographic name entry element Methodology
942 ## - Koha item type (Biblio)
Koha item type Books in Stacks (Lending)
Holdings
Lost status Damaged status Collection code Home library Current library Shelving location Date acquired Full call number Accession Number Item type
    Lending WERC Library WERC Library Social Science Cupboard 03/31/2024 001.42 KOT 537 Books in Stacks (Lending)

© WERC Library